00536nam a2200205Ia 4500008004100000020001500041050000800056050001500064100002200079245004200101245001700143245002100160260001900181260002000200260000900220300001700229300002400246500002000270650004000290160319s9999 xx 000 0 und d a9714804981 a330 bM252p 2006 aLargoza, Gerardo. aPanahon, kasaysayan, at lipunan IV :  bekonomiks /  cGerardo Largoza. aMakati City :  bDiwa Textbooks. c2006 a314 pages :  bfigs., graphs, pics aIncludes index. aEconomics -- Philippines (Filipino)